Casa de la noche : (Registro nro. 12768)

Detalles MARC
000 -LIDER
fixed length control field 01041nam a22003257a 4500
003 - IDENTIFICACDOR DE NÚMERO DE CONTROL
control field DO-SdBNP
005 - DATE AND TIME OF LATEST TRANSACTION
control field 20230824101859.0
008 - ELEMENTOS DE LONGITUD FIJA
fixed length control field 060721 2014 sp spa
017 ## - NÚMERO DE REGISTRO DE DERECHOS DE AUTOR
Copyright or legal deposit number
Assigning agency
020 ## - ISBN
International Standard Book Number 9788490186404
035 ## - NÚMERO LOCAL
System control number
040 ## - FUENTE DE CATALOGACIÓN
Agencia que crea de manera original el registro BPMSU
Idioma de catalogación spa
Agencia que realiza la transcripción BPMSU
Convenciones de la despripción
082 #4 - NÚMERO DE CLASIFICACIÓN DECIMAL DE DEWEY
Classification number 813.5
Item number C346c 2014
Edition number 22
100 1# - ASIENTO PRINCIPAL -- NOMBRE PERSONAL
Nombre personal Cast, P. C.
Forma completa del nombre (Phyllis Christine Cast)
Fechas asociadas con el nombre 1960-
245 10 - MENCIÓN DE TITULO
Título Casa de la noche :
Subtítulo Oculta /
Mención de responsabilidad P. C. Cast, Kristin Cast ; traducción María Otero González
Medio (Designación general de material)
260 ## - PUBLICACIÓN, DISTRIBUCIÓN, ETC. (PIE DE IMPRENTA)
Lugar de publicación, distribución, etc Madrid :
Nombre del editor, distribuidor, etc. Trakatrá,
Fecha de publicación, distribución, etc 2014.
Lugar de impresión
Impresor
300 ## - DESCRIPCIÓN FÍSICA
Extensión 279 p. ;
Dimensiones 24 cm.
490 0# - MENCIÓN DE SERIES
Materiales especificados La casa de la noche,
Volume/sequential designation 10
500 ## - NOTA GENERAL
Nota general Serie número 1 en ventas en más de diez países.
590 ## - NOTA LOCAL
Enlace Inventariado, 2023/VM
650 ## - ENCABEZAMIENTO DE MATERIA--TEMÁTICO
Fuente del encabezamiento o término Novela estadounidense
650 #4 - ENCABEZAMIENTO DE MATERIA--TEMÁTICO
Término temático o nombre geográfico como elemento de entrada Magia
Subdivisión de forma Novela
Fuente del encabezamiento o término
650 #4 - ENCABEZAMIENTO DE MATERIA--TEMÁTICO
Término temático o nombre geográfico como elemento de entrada Vampiros
Subdivisión de forma Novela
650 #4 - ENCABEZAMIENTO DE MATERIA--TEMÁTICO
Término temático o nombre geográfico como elemento de entrada Novela juvenil estadounidense
700 1# - ASIENTO SECUNDARIO -- NOMBRE PERSONAL
Nombre personal Cast, Kristin
Fechas asociadas con el nombre 1986-
700 1# - ASIENTO SECUNDARIO -- NOMBRE PERSONAL
Nombre personal Otero González, María
Mención de responsabilidad trad.
910 ## - VALIDACIÓN
Validación VMateo V. Control de calidad (BPMSU)
942 ## - ADDED ENTRY ELEMENTS (KOHA)
Source of classification or shelving scheme Dewey Decimal Classification
Koha item type Libros
980 ## - EQUIVALENCE OR CROSS-REFERENCE-SERIES STATEMENT--PERSONAL NAME/TITLE [LOCAL, CANADA]
Personal name
--
Numeration
Attribution qualifier
Titles and other words associated with a name
Existencias
Withdrawn status Lost status Source of classification or shelving scheme Damaged status Not for loan Collection code Home library Current library Date acquired Source of acquisition Cost, normal purchase price Full call number Barcode Date last seen Price effective from Koha item type
    Dewey Decimal Classification     Colección Juvenil General Biblioteca Pública Metropolitana Salomé Ureña Biblioteca Pública Metropolitana Salomé Ureña 11/07/2017 Compra en José libros 250.00 BPMSU CG 813.5 C346c 2014 BPMSU17110053 11/07/2017 11/07/2017 Libros